| 000 | 00462nam a2200193Ia 4500 | ||
|---|---|---|---|
| 008 | 210210b2011 xxu||||| |||| 00| 0 eng d | ||
| 020 | _a9788190840699 | ||
| 041 | _aeng | ||
| 082 | _a576 SHAT | ||
| 100 | _aSHARMA (Kanika) | ||
| 245 | _aTextbook of microbiology | ||
| 260 |
_aNew Delhi _bAne Books Pvt. Ltd. _c2011 |
||
| 300 | _axviii,1193 | ||
| 650 | _aTextbook | ||
| 650 | _aof | ||
| 650 | _amicrobiology | ||
| 690 | _aMicrobiology | ||
| 906 | _a066076 | ||
| 999 |
_c147530 _d147530 |
||